<?xml version="1.0" encoding="UTF-8"?>
<record
    xmlns:xsi="http://www.w3.org/2001/XMLSchema-instance"
    xsi:schemaLocation="http://www.loc.gov/MARC21/slim http://www.loc.gov/standards/marcxml/schema/MARC21slim.xsd"
    xmlns="http://www.loc.gov/MARC21/slim">

  <leader>02634cam a22002655a 4500</leader>
  <controlfield tag="001">16113397</controlfield>
  <controlfield tag="005">20170214112036.0</controlfield>
  <controlfield tag="008">100301s2010    enka   frb   f001 0 eng d</controlfield>
  <datafield tag="020" ind1=" " ind2=" ">
    <subfield code="a">9780521701815</subfield>
  </datafield>
  <datafield tag="040" ind1=" " ind2=" ">
    <subfield code="a">DLC</subfield>
    <subfield code="c">DLC</subfield>
    <subfield code="d">YDX</subfield>
    <subfield code="d">UKM</subfield>
    <subfield code="d">BTCTA</subfield>
    <subfield code="d">YDXCP</subfield>
    <subfield code="d">ERASA</subfield>
    <subfield code="d">BWK</subfield>
    <subfield code="d">CDX</subfield>
    <subfield code="d">NLM</subfield>
    <subfield code="d">DLC</subfield>
    <subfield code="d">EG-ScBUE</subfield>
    <subfield code="b">eng</subfield>
  </datafield>
  <datafield tag="082" ind1="0" ind2="4">
    <subfield code="2">22</subfield>
    <subfield code="a">614.15</subfield>
    <subfield code="b">CAM</subfield>
  </datafield>
  <datafield tag="245" ind1="0" ind2="4">
    <subfield code="a">The Cambridge handbook of forensic psychology /</subfield>
    <subfield code="c">edited by Jennifer M. Brown and Elizabeth A. Campbell.</subfield>
  </datafield>
  <datafield tag="260" ind1=" " ind2=" ">
    <subfield code="a">Cambridge ;</subfield>
    <subfield code="a">New York :</subfield>
    <subfield code="b">Cambridge University Press,</subfield>
    <subfield code="c">2010.</subfield>
  </datafield>
  <datafield tag="300" ind1=" " ind2=" ">
    <subfield code="a">xxiii, 900 p. :</subfield>
    <subfield code="b">ill. ;</subfield>
    <subfield code="c">25 cm.</subfield>
  </datafield>
  <datafield tag="490" ind1="0" ind2=" ">
    <subfield code="a">Cambridge handbooks in psychology</subfield>
  </datafield>
  <datafield tag="504" ind1=" " ind2=" ">
    <subfield code="a">Includes bibliographical references.</subfield>
  </datafield>
  <datafield tag="505" ind1="0" ind2=" ">
    <subfield code="a">Part I. Psychological underpinnings -- part II. Assessments -- part III. Interventions -- part IV. Psychology and criminal behaviour -- part V. Psychology and civil Law -- part VI. Special topics -- part VII. Professional practice; Part VIII. Research practice.</subfield>
  </datafield>
  <datafield tag="520" ind1=" " ind2=" ">
    <subfield code="a">"Forensic psychology has developed and extended from an original, narrow focus on presenting evidence to the courts to a wider application across the whole span of civil and criminal justice, which includes dealing with suspects, offenders, victims, witnesses, defendants, litigants and justice professionals. This handbook provides an encyclopedic-style source regarding the major concerns in forensic psychology. It is an invaluable reference text for practitioners within community, special hospital, secure unit, prison, probation and law enforcement forensic settings, as well as being appropriate for trainees and students in these areas. It will also serve as a companion text for lawyers and psychiatric and law enforcement professionals who wish to be apprised of forensic psychology coverage. Each entry provides a succinct outline of the topic, describes current thinking, identifies relevant consensual or contested aspects and alternative positions. Readers are presented with key issues and directed towards specialized sources for further reference"--</subfield>
  </datafield>
  <datafield tag="520" ind1=" " ind2=" ">
    <subfield code="a">"Forensic psychology practitioners are often depicted in the media through fictionalised representations as offender profilers which is but one, albeit a highly specialised, area of activity. The forensic psychologist practitioner and researcher work in varied settings with diverse populations having a variety of qualifications depending which country the person received their training"--</subfield>
  </datafield>
  <datafield tag="650" ind1=" " ind2="7">
    <subfield code="a">Forensic psychology.</subfield>
    <subfield code="2">BUEsh</subfield>
    <subfield code="9">39967</subfield>
  </datafield>
  <datafield tag="653" ind1=" " ind2=" ">
    <subfield code="b">HHUUPPSS</subfield>
    <subfield code="c">February2017</subfield>
  </datafield>
  <datafield tag="700" ind1="1" ind2=" ">
    <subfield code="a">Brown, Jennifer,</subfield>
    <subfield code="d">1948-</subfield>
    <subfield code="e">editor.</subfield>
  </datafield>
  <datafield tag="700" ind1="1" ind2=" ">
    <subfield code="a">Campbell, Elizabeth A.</subfield>
    <subfield code="e">editor.</subfield>
  </datafield>
  <datafield tag="942" ind1=" " ind2=" ">
    <subfield code="2">ddc</subfield>
  </datafield>
  <datafield tag="999" ind1=" " ind2=" ">
    <subfield code="c">24148</subfield>
    <subfield code="d">24120</subfield>
  </datafield>
  <datafield tag="952" ind1=" " ind2=" ">
    <subfield code="0">0</subfield>
    <subfield code="1">0</subfield>
    <subfield code="2">ddc</subfield>
    <subfield code="4">0</subfield>
    <subfield code="7">0</subfield>
    <subfield code="8">Baccah</subfield>
    <subfield code="a">MAIN</subfield>
    <subfield code="b">MAIN</subfield>
    <subfield code="c">1ST</subfield>
    <subfield code="d">2017-02-14</subfield>
    <subfield code="e">Purchase</subfield>
    <subfield code="g">644.00</subfield>
    <subfield code="h">2744</subfield>
    <subfield code="l">2</subfield>
    <subfield code="m">2</subfield>
    <subfield code="o">614.15 CAM</subfield>
    <subfield code="p">000045459</subfield>
    <subfield code="r">2025-07-15 00:00:00</subfield>
    <subfield code="s">2024-10-29</subfield>
    <subfield code="v">805.00</subfield>
    <subfield code="y">BB</subfield>
  </datafield>
</record>
